000
002790000a22001330004500
020
_a
958-30-2259-4
082
0
4
_a
B P191l
110
1
_a
Panamericana Editorial
245
1
0
_a
Mi libro
260
_a
Bogotá : Panamericana
500
_a
Libro de tela
001
1342
942
_c
LGB
999
_c
48509
_d
48509